Statystyki dla Znajdź trzy połączone kraje w ciągu jednej minuty

Kliknij tutaj aby rozwiązać quiz!

Ogólne statystyki

  • Ten quiz został rozwiązany 74 razy
  • Średni wynik to 4 z 6

Odpowiedzi na mapie

Odpowiedzi skodowane kolorowo w zielono-czerwonej skali na mapie do tego quizu, zgodnie z poniższymi procentami.
 

Statystyki odpowiedzi

Nazwa grupyKraj% Poprawnych
KrajeAfganistan
100%
KrajeAfganistan
100%
KrajeAfganistan
100%
KrajeAngola
100%
KrajeAngola
100%
KrajeArgentyna
100%
KrajeAustria
100%
KrajeAustria
100%
KrajeBelgia
100%
KrajeBialorus
100%
KrajeBialorus
100%
KrajeBoliwia
100%
KrajeBosnia i Hercegowina
100%
KrajeBrazylia
100%
KrajeBrazylia
100%
KrajeBrazylia
100%
KrajeBulgaria
100%
KrajeBurkina Faso
100%
KrajeChiny
100%
KrajeChiny
100%
KrajeChiny
100%
KrajeCzad
100%
KrajeCzad
100%
KrajeDemokratyczna
Republika Konga
100%
KrajeDemokratyczna
Republika Konga
100%
KrajeDemokratyczna
Republika Konga
100%
KrajeDemokratyczna
Republika Konga
100%
KrajeDemokratyczna
Republika Konga
100%
KrajeDemokratyczna
Republika Konga
100%
KrajeEgipt
100%
KrajeEkwador
100%
KrajeErytrea
100%
KrajeEstonia
100%
KrajeEtiopia
100%
KrajeEtiopia
100%
KrajeFinlandia
100%
KrajeFrancja
100%
KrajeGrecja
100%
KrajeGujana
100%
KrajeHolandia
100%
KrajeIran
100%
KrajeIran
100%
KrajeIran
100%
KrajeKambodza
100%
KrajeKambodza
100%
KrajeKanada
100%
KrajeKazachstan
100%
KrajeKenia
100%
KrajeKolumbia
100%
KrajeKongo
100%
KrajeKongo
100%
KrajeKorea Pólnocna
100%
KrajeLibia
100%
KrajeŁotwa
100%
KrajeŁotwa
100%
KrajeŁotwa
100%
KrajeMacedonia Północna
100%
KrajeMeksyk
100%
KrajeMoldawia
100%
KrajeMongolia
100%
KrajeMozambik
100%
KrajeNamibia
100%
KrajeNamibia
100%
KrajeNiemcy
100%
KrajeNiemcy
100%
KrajeNiemcy
100%
KrajeNiemcy
100%
KrajeNiger
100%
KrajePakistan
100%
KrajePakistan
100%
KrajePolska
100%
KrajePolska
100%
KrajeRepublika
Środkowoafrykańska
100%
KrajeRepublika Południowa
Afryka
100%
KrajeRosja
100%
KrajeRosja
100%
KrajeRosja
100%
KrajeRosja
100%
KrajeRosja
100%
KrajeRumunia
100%
KrajeRumunia
100%
KrajeRumunia
100%
KrajeSerbia
100%
KrajeSerbia
100%
KrajeSlowacja
100%
KrajeStany Zjednoczone
100%
KrajeStany Zjednoczone
100%
KrajeSudan
100%
KrajeSudan
100%
KrajeSudan
100%
KrajeSudan
100%
KrajeSudan Poludniowy
100%
KrajeSudan Poludniowy
100%
KrajeSudan Poludniowy
100%
KrajeSzwajcaria
100%
KrajeTadzykistan
100%
KrajeTajlandia
100%
KrajeTurcja
100%
KrajeTurkmenistan
100%
KrajeUganda
100%
KrajeUganda
100%
KrajeUkraina
100%
KrajeUkraina
100%
KrajeUrugwaj
100%
KrajeUzbekistan
100%
KrajeWegry
100%
KrajeWenezuela
100%
KrajeWietnam
100%
KrajeWlochy
100%
KrajeZambia
100%
KrajeZambia
100%
KrajeBialorus
50%
KrajeBoliwia
50%
KrajeChorwacja
50%
KrajeGabon
50%
KrajeIrak
50%
KrajeIran
50%
KrajeKamerun
50%
KrajeKamerun
50%
KrajeKolumbia
50%
KrajeKongo
50%
KrajeLibia
50%
KrajeMali
50%
KrajeMauretania
50%
KrajeNigeria
50%
KrajePeru
50%
KrajeRosja
50%
KrajeTunezja
50%
KrajeWegry
50%
KrajeZimbabwe
50%
KrajeAfganistan
0%
KrajeAlbania
0%
KrajeAlbania
0%
KrajeAlgieria
0%
KrajeAlgieria
0%
KrajeAlgieria
0%
KrajeAlgieria
0%
KrajeAlgieria
0%
KrajeAlgieria
0%
KrajeAngola
0%
KrajeArabia Saudyjska
0%
KrajeArabia Saudyjska
0%
KrajeArabia Saudyjska
0%
KrajeArabia Saudyjska
0%
KrajeArabia Saudyjska
0%
KrajeArgentyna
0%
KrajeArgentyna
0%
KrajeArgentyna
0%
KrajeArgentyna
0%
KrajeArmenia
0%
KrajeAustria
0%
KrajeAustria
0%
KrajeAustria
0%
KrajeAzerbejdzan
0%
KrajeAzerbejdzan
0%
KrajeBangladesz
0%
KrajeBelgia
0%
KrajeBenin
0%
KrajeBenin
0%
KrajeBhutan
0%
KrajeBhutan
0%
KrajeBialorus
0%
KrajeBialorus
0%
KrajeBoliwia
0%
KrajeBoliwia
0%
KrajeBoliwia
0%
KrajeBosnia i Hercegowina
0%
KrajeBotswana
0%
KrajeBotswana
0%
KrajeBotswana
0%
KrajeBrazylia
0%
KrajeBrazylia
0%
KrajeBrazylia
0%
KrajeBrazylia
0%
KrajeBrazylia
0%
KrajeBrazylia
0%
KrajeBulgaria
0%
KrajeBurkina Faso
0%
KrajeBurkina Faso
0%
KrajeBurkina Faso
0%
KrajeChile
0%
KrajeChile
0%
KrajeChiny
0%
KrajeChiny
0%
KrajeChiny
0%
KrajeChiny
0%
KrajeChiny
0%
KrajeChiny
0%
KrajeChiny
0%
KrajeChiny
0%
KrajeChiny
0%
KrajeChiny
0%
KrajeChorwacja
0%
KrajeCzad
0%
KrajeCzad
0%
KrajeCzad
0%
KrajeCzechy
0%
KrajeCzechy
0%
KrajeCzechy
0%
KrajeCzechy
0%
KrajeDominikana
0%
KrajeEgipt
0%
KrajeEkwador
0%
KrajeErytrea
0%
KrajeEstonia
0%
KrajeEtiopia
0%
KrajeEtiopia
0%
KrajeEtiopia
0%
KrajeFinlandia
0%
KrajeFinlandia
0%
KrajeFrancja
0%
KrajeFrancja
0%
KrajeFrancja
0%
KrajeFrancja
0%
KrajeGhana
0%
KrajeGhana
0%
KrajeGhana
0%
KrajeGrecja
0%
KrajeGruzja
0%
KrajeGruzja
0%
KrajeGujana
0%
KrajeGujana
0%
KrajeGwatemala
0%
KrajeGwatemala
0%
KrajeGwinea
0%
KrajeGwinea
0%
KrajeGwinea
0%
KrajeGwinea
0%
KrajeGwinea
0%
KrajeHaiti
0%
KrajeHiszpania
0%
KrajeHiszpania
0%
KrajeHolandia
0%
KrajeHonduras
0%
KrajeHonduras
0%
KrajeIndie
0%
KrajeIndie
0%
KrajeIndie
0%
KrajeIndie
0%
KrajeIndie
0%
KrajeIndie
0%
KrajeIndonezja
0%
KrajeIndonezja
0%
KrajeIrak
0%
KrajeIrak
0%
KrajeIrak
0%
KrajeIrak
0%
KrajeIran
0%
KrajeIran
0%
KrajeIrlandia
0%
KrajeJemen
0%
KrajeJemen
0%
KrajeJordania
0%
KrajeJordania
0%
KrajeJordania
0%
KrajeKambodza
0%
KrajeKamerun
0%
KrajeKamerun
0%
KrajeKazachstan
0%
KrajeKazachstan
0%
KrajeKazachstan
0%
KrajeKenia
0%
KrajeKenia
0%
KrajeKenia
0%
KrajeKirgistan
0%
KrajeKirgistan
0%
KrajeKirgistan
0%
KrajeKolumbia
0%
KrajeKolumbia
0%
KrajeKongo
0%
KrajeKorea Pólnocna
0%
KrajeKorea Poludniowa
0%
KrajeLaos
0%
KrajeLaos
0%
KrajeLaos
0%
KrajeLaos
0%
KrajeLaos
0%
KrajeLesotho
0%
KrajeLiberia
0%
KrajeLiberia
0%
KrajeLiberia
0%
KrajeLibia
0%
KrajeLibia
0%
KrajeLibia
0%
KrajeLibia
0%
KrajeLitwa
0%
KrajeLitwa
0%
KrajeŁotwa
0%
KrajeMacedonia Północna
0%
KrajeMalawi
0%
KrajeMalezja
0%
KrajeMalezja
0%
KrajeMali
0%
KrajeMali
0%
KrajeMali
0%
KrajeMali
0%
KrajeMali
0%
KrajeMali
0%
KrajeMaroko
0%
KrajeMaroko
0%
KrajeMauretania
0%
KrajeMauretania
0%
KrajeMauretania
0%
KrajeMeksyk
0%
KrajeMjanma
0%
KrajeMjanma
0%
KrajeMjanma
0%
KrajeMjanma
0%
KrajeMoldawia
0%
KrajeMongolia
0%
KrajeMozambik
0%
KrajeMozambik
0%
KrajeMozambik
0%
KrajeMozambik
0%
KrajeNamibia
0%
KrajeNepal
0%
KrajeNepal
0%
KrajeNiemcy
0%
KrajeNiemcy
0%
KrajeNiger
0%
KrajeNiger
0%
KrajeNiger
0%
KrajeNiger
0%
KrajeNiger
0%
KrajeNigeria
0%
KrajeNigeria
0%
KrajeNikaragua
0%
KrajeNorwegia
0%
KrajeNorwegia
0%
KrajeOman
0%
KrajeOman
0%
KrajeOman
0%
KrajePakistan
0%
KrajePakistan
0%
KrajePapua-Nowa Gwinea
0%
KrajeParagwaj
0%
KrajeParagwaj
0%
KrajeParagwaj
0%
KrajePeru
0%
KrajePeru
0%
KrajePeru
0%
KrajePolska
0%
KrajePolska
0%
KrajePolska
0%
KrajePortugalia
0%
KrajeRepublika
Środkowoafrykańska
0%
KrajeRepublika
Środkowoafrykańska
0%
KrajeRepublika
Środkowoafrykańska
0%
KrajeRepublika
Środkowoafrykańska
0%
KrajeRepublika
Środkowoafrykańska
0%
KrajeRepublika Południowa
Afryka
0%
KrajeRepublika Południowa
Afryka
0%
KrajeRepublika Południowa
Afryka
0%
KrajeRosja
0%
KrajeRosja
0%
KrajeRosja
0%
KrajeRosja
0%
KrajeRumunia
0%
KrajeRumunia
0%
KrajeSenegal
0%
KrajeSenegal
0%
KrajeSenegal
0%
KrajeSerbia
0%
KrajeSierra Leone
0%
KrajeSierra Leone
0%
KrajeSlowacja
0%
KrajeSlowacja
0%
KrajeSlowenia
0%
KrajeSomalia
0%
KrajeSomalia
0%
KrajeSudan
0%
KrajeSudan
0%
KrajeSudan
0%
KrajeSudan Poludniowy
0%
KrajeSudan Poludniowy
0%
KrajeSurinam
0%
KrajeSurinam
0%
KrajeSyria
0%
KrajeSyria
0%
KrajeSyria
0%
KrajeSzwajcaria
0%
KrajeSzwajcaria
0%
KrajeSzwecja
0%
KrajeSzwecja
0%
KrajeTadzykistan
0%
KrajeTadzykistan
0%
KrajeTadzykistan
0%
KrajeTajlandia
0%
KrajeTajlandia
0%
KrajeTajlandia
0%
KrajeTanzania
0%
KrajeTanzania
0%
KrajeTogo
0%
KrajeTogo
0%
KrajeTunezja
0%
KrajeTurcja
0%
KrajeTurcja
0%
KrajeTurcja
0%
KrajeTurcja
0%
KrajeTurkmenistan
0%
KrajeTurkmenistan
0%
KrajeUganda
0%
KrajeUkraina
0%
KrajeUkraina
0%
KrajeUkraina
0%
KrajeUrugwaj
0%
KrajeUzbekistan
0%
KrajeUzbekistan
0%
KrajeWegry
0%
KrajeWegry
0%
KrajeWenezuela
0%
KrajeWenezuela
0%
KrajeWielka Brytania
0%
KrajeWietnam
0%
KrajeWietnam
0%
KrajeWlochy
0%
KrajeWlochy
0%
KrajeWybrzeze Kosci
Sloniowej
0%
KrajeWybrzeze Kosci
Sloniowej
0%
KrajeWybrzeze Kosci
Sloniowej
0%
KrajeWybrzeze Kosci
Sloniowej
0%
KrajeWybrzeze Kosci
Sloniowej
0%
KrajeZambia
0%
KrajeZambia
0%
KrajeZimbabwe
0%
KrajeZimbabwe
0%
KrajeZjednoczone
Emiraty Arabskie
0%
KrajeZjednoczone
Emiraty Arabskie
0%

Rozkład punktacji

Percentyl według liczby udzielonych odpowiedzi

Procent ludzi z każdym wynikiem

Twoja historia wyników

Nie rozwiązałeś tego quizu